States of Trauma : (Record no. 30940)

MARC details
000 -LEADER
fixed length control field 01096nam a22002897a 4500
005 - DATE AND TIME OF LATEST TRANSACTION
control field 20091015113352.0
008 - FIXED-LENGTH DATA ELEMENTS--GENERAL INFORMATION
fixed length control field 091015t xxu||||| |||| 00| 0 eng d
010 ## - LCCN (DPL NO)
LC control number ENG-95124
020 ## - INTERNATIONAL STANDARD BOOK NUMBER
International Standard Book Number 9788189884116
Terms of availability 595.00
035 ## - SYSTEM CONTROL NUMBER
System control number EN-78657
037 ## - SOURCE OF ACQUISITION
Source of stock number/acquisition DBAD/PUB
040 ## - CATALOGING SOURCE
Original cataloging agency DPL
Language of cataloging ENG
082 ## - DEWEY DECIMAL CLASSIFICATION NUMBER
Classification number 305.420954
245 ## - TITLE STATEMENT
Title States of Trauma :
Statement of responsibility, etc edited by Piya Chatterjee, Manali Desai, Parama Roy
Remainder of title gender and violence in South Asia /
260 ## - PUBLICATION, DISTRIBUTION, ETC. (IMPRINT)
Place of publication, distribution, etc New Delhi
Name of publisher, distributor, etc Zubaan
Date of publication, distribution, etc 2009
270 ## - ADDRESS
Address 128-B, Shahpur Jat, 1st floor
City New Delhi
Postal code 110049
300 ## - PHYSICAL DESCRIPTION
Extent viii, 342 p.
Dimensions 22cm.(Hb)
Other physical details ill
500 ## - GENERAL NOTE
General note Includes bibliographical references.
650 ## - SUBJECT ADDED ENTRY--TOPICAL TERM
Topical term or geographic name as entry element Women
General subdivision Violence against
Geographic subdivision South Asia.
650 ## - SUBJECT ADDED ENTRY--TOPICAL TERM
Topical term or geographic name as entry element Feminism
Geographic subdivision South Asia.
650 ## - SUBJECT ADDED ENTRY--TOPICAL TERM
Topical term or geographic name as entry element Violence
Geographic subdivision South Asia.
700 ## - ADDED ENTRY--PERSONAL NAME
Personal name Chatterjee, Piya
700 ## - ADDED ENTRY--PERSONAL NAME
Personal name Desai, Manali
700 ## - ADDED ENTRY--PERSONAL NAME
Personal name Roy, Parama
942 ## - ADDED ENTRY ELEMENTS (KOHA)
Source of classification or shelving scheme Dewey Decimal Classification
Item type English Books
Call number suffix STA
Classification part 305.420954
Holdings
Withdrawn status Lost status Source of classification or shelving scheme Damaged status Not for loan Collection code Home library Current library Date acquired Source of acquisition Cost, normal purchase price Total Checkouts Full call number Barcode Date last seen Copy number Cost, replacement price Koha item type
    Dewey Decimal Classification   Not For Loan Non-fiction D.B.Act.Division D.B.Act.Division 15/10/2009 DBAD / PUB 595.00   305.420954 STA EN-78657 15/10/2009 1 595.00 English Books

© Delhi Public Library
Hit Counter
free hit counter